A descriptive catalogue of Sanskrit manuscripts in the private library of His Highness Shri Rajarajeshwar Maharajadhiraj Maharaja Shri Harisinghji Bahadur K.C.I.E., K.C.V.O. of Jammu and Kashmir (Record no. 94740)

MARC details
000 -LEADER
fixed length control field 01344nam a22002657a 4500
005 - DATE AND TIME OF LATEST TRANSACTION
control field 20150827105807.0
010 ## - LCCN (DPL NO)
LC control number ENG-113397
020 ## - INTERNATIONAL STANDARD BOOK NUMBER
International Standard Book Number 9788177421170
Terms of availability 1500.00
035 ## - SYSTEM CONTROL NUMBER
System control number EN-96929
037 ## - SOURCE OF ACQUISITION
Source of stock number/acquisition DBAD/PUB
082 ## - DEWEY DECIMAL CLASSIFICATION NUMBER
Classification number 015.54031
100 ## - MAIN ENTRY--PERSONAL NAME
Personal name Kak, Ramchandra
245 ## - TITLE STATEMENT
Title A descriptive catalogue of Sanskrit manuscripts in the private library of His Highness Shri Rajarajeshwar Maharajadhiraj Maharaja Shri Harisinghji Bahadur K.C.I.E., K.C.V.O. of Jammu and Kashmir
Statement of responsibility, etc by Ramchandra Kak [and] Harabhatta Shastri. Mahācīnācāra, Kakṣapuṭa and Tārārahasya ; edited by Lokesh Chandra ; foreworded by Karan Singh
Remainder of title in the private library of his highness shri Rajarajeshwar Maharajadhiraj maharaja shri Harisinghji Bahadur K.C.I.E., K.C.V.O. of Jammu and Kashmir /
260 ## - PUBLICATION, DISTRIBUTION, ETC. (IMPRINT)
Place of publication, distribution, etc New Delhi
Name of publisher, distributor, etc National Archives of India and Aditya Prakashan
Date of publication, distribution, etc 2011
270 ## - ADDRESS
Address 2/18, Ansari Road
City New Delhi
Postal code 110002
300 ## - PHYSICAL DESCRIPTION
Extent 244p.
Dimensions 29cm(Hb)
490 ## - SERIES STATEMENT
Series statement Śata-piṭaka series : Indo-Asian literatures ; v. 634
600 ## - SUBJECT ADDED ENTRY--PERSONAL NAME
Personal name Hari Singh Maharaja,
Dates associated with a name 1895-1961
General subdivision Library
Form subdivision Catalogs.
610 ## - SUBJECT ADDED ENTRY--CORPORATE NAME
Corporate name or jurisdiction name as entry element National Archives of India
Form subdivision Catalogs.
650 ## - SUBJECT ADDED ENTRY--TOPICAL TERM
Topical term or geographic name as entry element Manuscripts, Sanskrit
Form subdivision Catalogs.
700 ## - ADDED ENTRY--PERSONAL NAME
Personal name Shastri, Harabhatta
700 ## - ADDED ENTRY--PERSONAL NAME
Personal name Chandra, Lokesh
700 ## - ADDED ENTRY--PERSONAL NAME
Personal name Karan Singh
942 ## - ADDED ENTRY ELEMENTS (KOHA)
Source of classification or shelving scheme Dewey Decimal Classification
Item type English Books
Call number suffix KAK
Classification part 015.54031
Holdings
Withdrawn status Lost status Not for loan Collection code Home library Current library Date acquired Source of acquisition Cost, normal purchase price Full call number Barcode Copy number Cost, replacement price Koha item type
    Not For Loan Non-fiction D.B.Act.Division D.B.Act.Division 08/07/2015 DBAD/PUB 1500.00 015.54031 KAK EN-96929 1 1500.00 English Books

© Delhi Public Library
Hit Counter
free hit counter